Platinum Jubilee Quiz #1 - Statistics

General Stats
  • This quiz has been taken 39 times
  • The average score is 10 of 20
Answer Stats
Question Answer % Correct
How Old is Queen Elizabeth II 96
100%
Which English king was nicknamed ‘the Lionheart’? Richard I
91%
The Queen sends birthday cards to members of the public when they reach a certain age. What age is this? 100
84%
King Henry VIII had six wives. What first name did three of them share? Catherine
84%
What other language can the Queen speak fluently? French
78%
What country does the Queen holiday in every year? Scotland
75%
What ingredient does the royal family famously avoid? Garlic
72%
Which famous character was the Queen seen parachuting out of a helicopter with at the London Olympics in 2012? James Bond
63%
Which King became the first English monarch to voluntarily abdicate the throne? Edward VIII
44%
Who played Queen Elizabeth I in two separate films, released in 1998 and 2007? Cate Blanchett
41%
King Henry I of England is thought to have died from eating too many lampreys. What are lampreys? Fish
41%
Who played Princess Diana recently in a movie titled Spencer, Diana's maiden name? Kristen Stewart
41%
What is the name of Prince Charles' charity? The Princes Trust
41%
Famously, how many times did Charles and Diana meet before getting engaged? 13
38%
Which royal chapel did Prince Harry and Meghan Markle get married at in back in 2018? St George’s Chapel
31%
Who is Princess Anne married to? Sir Timothy Laurence
19%
What is the title of the 1980 children's book written by Prince Charles? The Old Man Of Lochnagar
16%
Who designed Princess Diana's wedding dress David Emanuel
13%
Who was the first royal of England? Athelstan
0%
What is the Queen's favourite cake? Honey and cream sponge
0%
No matching quizzes found
Score Distribution
Percent of People with Each Score
Percentile by Number Answered
Your Score History
You have not taken this quiz